Vida, ascendencia, nacimiento, crianza y aventuras
Gorde:
| Egile nagusia: | |
|---|---|
| Formatua: | Liburua |
| Hizkuntza: | gaztelania |
| Argitaratua: |
Madrid
Castalia
1980
|
| Saila: | Clásicos Castalia, 47
|
| Gaiak: | |
| Etiketak: |
Etiketa erantsi
Etiketarik gabe, Izan zaitez lehena erregistro honi etiketa jartzen!
|
MARC
| LEADER | 00000nam a2200000 a 4500 | ||
|---|---|---|---|
| 001 | UCT6565 | ||
| 003 | CL-VaPUC | ||
| 008 | 970113e19800000SP |||||||||||||||||spa|d | ||
| 082 | 0 | 4 | |a 928.43 |b MER |2 21 |
| 100 | |a Mercadier, Guy |e autor |9 376808 | ||
| 245 | 1 | 0 | |a Vida, ascendencia, nacimiento, crianza y aventuras |
| 300 | |a 300 p | ||
| 942 | |c BK | ||
| 945 | |d 19970113 00:00:00 |a nastorga | ||
| 260 | |a Madrid |b Castalia |c 1980 | ||
| 600 | 0 | 7 | |a TORRES VILLARROEL, DIEGO DE |2 CL-VaPUC |9 376809 |
| 650 | 0 | |a Biografías |9 255210 | |
| 650 | 0 | |a Escritores |9 313723 | |
| 583 | |a last modification |c 19970113 00:00:00 |k Rodrigo Vera | ||
| 490 | 0 | |a Clásicos Castalia, 47 | |
| 999 | |c 255253 |d 255251 | ||
| 952 | |0 0 |1 0 |4 0 |6 928_430000000000000_MER_1980 |7 0 |8 A |9 277431 |a BIBEDU |b BIBEDU |d 2019-11-19 |i 3267644 |o 928.43 MER 1980 |p 3267644 |r 2019-11-19 |w 2019-11-19 |y BK |k LIT | ||